Loading...
| Literature - World | 1 | 7 | 1 | 3 | 80 | 75 | 123.88 | 0 | 2 | 13.62 | 32.36 |
| Literature - European | 1 | 5 | 1 | 0 | 60 | 83 | 121.67 | 0 | 3 | 9.47 | 24.43 |
| Literature - British | 1 | 4 | 0 | 2 | 55 | 61 | 119.80 | 1 | 3 | 9.01 | 24.50 |
| Literature - American | 0 | 5 | 0 | 0 | 50 | 89 | 133.60 | 0 | 2 | 6.41 | 22.27 |
| Philosophy | 0 | 3 | 0 | 1 | 30 | 120 | 133.00 | 0 | 0 | 1.53 | 9.98 |
| Mythology | 1 | 0 | 0 | 0 | 15 | 84 | 84.00 | 0 | 1 | 6.67 | 15.56 |
| History - World | 0 | 1 | 0 | 0 | 10 | 144 | 144.00 | 0 | 0 | 0.73 | 5.33 |
| Other Academic | 0 | 0 | 0 | 0 | 0 | 0.00 | 0 | 0 | 0.00 | 0.00 | |
| History - Other | 0 | 0 | 0 | 0 | 0 | 0.00 | 0 | 0 | 0.00 | 0.00 |